000 00353nam a2200133Ia 4500
008 240624s9999 xx 000 0 und d
041 _aeng
082 _a302.35 KOS
100 _aKOSTERA MONIKA
245 _aMYTHICAL INSPIRATIONS FOR ORGANIZATIONAL
260 _c2008
_aLondon
_bPalgrave Macmillan
300 _axiv, 189 p.; 23 cm.
365 _cERU
_b31
999 _c30125
_d30125